| 000 | 00812nam a22001577a 4500 | ||
|---|---|---|---|
| 003 | OSt | ||
| 005 | 20151007104137.0 | ||
| 008 | 151007b xxu||||| |||| 00| 0 eng d | ||
| 040 | _cRUA | ||
| 082 | _aAVM MOM 2006 B078 Or.1 | ||
| 100 |
_92253 _aMOM, SOKHENG. |
||
| 245 | _aEffect of fresh water spinachleaves supplement in cp concentrate on growthrate of aviant royal university of agriculture (ឥទ្ធិពលនៃការបន្ថែមស្លឺកត្រកួនស្រស់ក្នុងចំណីផ្សំក្រុមហ៊ុន CP ទៅលើការលូតលាស់មាន់សាច់នៅសាកលវិទ្យាល័យភូមិន្ទកសិកម្ម) | ||
| 260 |
_aPhnom Penh _bRUA _c2006 |
||
| 300 |
_aix, 44p. _bill. _c29cm. |
||
| 942 |
_2ddc _cAVM |
||
| 999 |
_c2123 _d2123 |
||